Get the Picture: Classical Elements in Movie Titles Quiz Stats

 Plays Quiz Updated Jul 22, 2019

Score 0/20 Timer 02:00
2 Plays Today
Question Answer Wrong Answers
The Greatest Show on ______ (1952) Earth
97.4%
Air
0.1%
Fire
0.1%
Water
0%
The Day the ______ Stood Still (1951) Earth
97.2%
Air
0.3%
Fire
0.2%
Water
0.2%
Harry Potter and the Goblet of ______ (2005) Fire
96.9%
Earth
0.2%
Air
0.1%
Water
0.4%
Chariots of ______ (1981) Fire
96.2%
Earth
0.4%
Air
0.5%
Water
0.4%
The Man Who Fell to ______ (1976) Earth
96%
Air
0.3%
Fire
1%
Water
0.5%
______ Force One (1997) Air
95.9%
Earth
1%
Fire
0.4%
Water
0.3%
Up in the ______ (2009) Air
95.5%
Earth
0.8%
Fire
0.7%
Water
0.8%
In the Line of ______ (1993) Fire
95.4%
Earth
0.5%
Air
0.6%
Water
1.1%
Con ______ (1997) Air
93.5%
Earth
1.1%
Fire
1.9%
Water
1.4%
Hell or High ______ (2016) Water
93.3%
Earth
1%
Air
1.3%
Fire
2.2%
St. Elmo's ______ (1985) Fire
93%
Earth
2%
Air
1.2%
Water
1.4%
______ for Elephants (2011) Water
92.9%
Earth
2.6%
Air
1.2%
Fire
0.9%
______ Girls Are Easy (1988) Earth
89%
Air
2.2%
Fire
2.8%
Water
3.5%
The Shape of ______ (2017) Water
87%
Earth
5.7%
Air
1.9%
Fire
3%
______ Bud (1997) Air
85.7%
Earth
3.9%
Fire
3.6%
Water
4.5%
The Good ______ (1937) Earth
83.7%
Air
5.7%
Fire
4.3%
Water
3.5%
Like ______ for Chocolate (1992) Water
83.3%
Earth
2.2%
Air
2.8%
Fire
9%
Man on ______ (2004) Fire
78.9%
Earth
17.4%
Air
0.4%
Water
0.9%
______ America (1990) Air
73.5%
Earth
12.9%
Fire
6.8%
Water
3.8%
Knife in the ______ (1962) Water
30.5%
Earth
8.5%
Air
23.2%
Fire
35%

Today's Daily Dose

Missing Word
Video Games (A-Z)

Get the Picture
Tom Hanks

You're not logged in!

Compare scores with friends on all Sporcle quizzes.
OR
Log In

Sporcle TV

Today on Sporcle TV


Watch our educational content, quiz creation guides, and fun videos on Sporcle TV.

Show Comments

Extras

Top Quizzes Today


Score Distribution

Your Account Isn't Verified!

In order to create a playlist on Sporcle, you need to verify the email address you used during registration. Go to your Sporcle Settings to finish the process.

Report this User

Report this user for behavior that violates our Community Guidelines.

Details: